Podział administracyjny państw Europy według sąsiedztwa - Statystyki

Ogólne statystyki
  • Ten quiz został rozwiązany 23 487 razy
  • Średni wynik to 792 z 1052
Odpowiedzi na mapie
Odpowiedzi zakodowano w zielono-czerwonej skali na mapie do tego quizu, zgodnie z poniższymi procentami.
 
Statystyki odpowiedzi
Państwo Rodzaj Jednostka podziału administracyjnego % Poprawnych
Niemcy Kraj związkowy Brandenburgia
98%
Polska Województwo Dolnośląskie
98%
Polska Województwo Kujawsko-pomorskie
98%
Polska Województwo Łódzkie
98%
Polska Województwo Lubelskie
98%
Polska Województwo Lubuskie
98%
Polska Województwo Mazowieckie
98%
Czechy Kraj samorządowy Morawsko-śląski
98%
Czechy Kraj samorządowy Ołomuniecki
98%
Polska Województwo Opolskie
98%
Polska Województwo Pomorskie
98%
Polska Województwo Śląskie
98%
Polska Województwo Warmińsko-mazurskie
98%
Polska Województwo Wielkopolskie
98%
Polska Województwo Zachodniopomorskie
98%
Białoruś Obwód Brzeski
97%
Białoruś Obwód Grodzieński
97%
Czechy Kraj samorządowy Hradecki
97%
Czechy Kraj samorządowy Liberecki
97%
Polska Województwo Małopolskie
97%
Niemcy Kraj związkowy Meklemburgia-Pomorze Przednie
97%
Czechy Kraj samorządowy Pardubicki
97%
Polska Województwo Podkarpackie
97%
Polska Województwo Podlaskie
97%
Czechy Kraj samorządowy Południowomorawski
97%
Niemcy Kraj związkowy Saksonia
97%
Czechy Kraj samorządowy Środkowoczeski
97%
Polska Województwo Świętokrzyskie
97%
Czechy Kraj samorządowy Ustecki
97%
Ukraina Obwód Wołyński
97%
Słowacja Kraj Bańskobystrzycki
96%
Niemcy Kraj związkowy Berlin
96%
Austria Kraj związkowy Dolna Austria
96%
Rosja Obwód Kaliningradzki
96%
Ukraina Obwód Lwowski
96%
Słowacja Kraj Nitrzański
96%
Słowacja Kraj Trenczyński
96%
Słowacja Kraj Trnawski
96%
Czechy Kraj samorządowy Wysoczyna
96%
Słowacja Kraj Żyliński
96%
Ukraina Obwód Iwanofrankowski
95%
Węgry Komitat Komárom-Esztergom
95%
Węgry Komitat Nógrád
95%
Węgry Komitat Pest
95%
Ukraina Obwód Zakarpacki
95%
Czechy Kraj samorządowy Zliński
95%
Niemcy Kraj związkowy Bawaria
94%
Słowacja Kraj Bratysławski
94%
Słowacja Kraj Koszycki
94%
Słowacja Kraj Preszowski
94%
Niemcy Kraj związkowy Saksonia-Anhalt
94%
Niemcy Kraj związkowy Dolna Saksonia
93%
Austria Kraj związkowy Górna Austria
93%
Białoruś Obwód Homelski
93%
Białoruś Obwód Miński
93%
Czechy Kraj samorządowy Pilzneński
93%
Czechy Kraj samorządowy Południowoczeski
93%
Ukraina Obwód Rówieński
93%
Niemcy Kraj związkowy Turyngia
93%
Litwa Okręg Kłajpedzki
92%
Białoruś Obwód Mohylewski
92%
Ukraina Obwód Tarnopolski
92%
Białoruś Obwód Witebski
92%
Węgry Komitat Borsod-Abaúj-Zemplén
91%
Austria Kraj związkowy Burgenland
91%
Węgry Komitat Heves
91%
Czechy Kraj samorządowy Karlowarski
91%
Litwa Okręg Mariampolski
91%
Litwa Okręg Olicki
91%
Litwa Okręg Telszański
91%
Litwa Okręg Wileński
91%
Rumunia Okręg Bihor
90%
Węgry Komitat Budapeszt
90%
Ukraina Obwód Chmielnicki
90%
Węgry Komitat Fejér
90%
Węgry Komitat Győr-Moson-Sopron
90%
Węgry Komitat Jász-Nagykun-Szolnok
90%
Litwa Okręg Kowieński
90%
Łotwa Powiat Kurzeme Południowe
90%
Rumunia Okręg Marmarosz
90%
Niemcy Kraj związkowy Nadrenia Północna-Westfalia
90%
Czechy Miasto wydzielone Praga
90%
Rumunia Okręg Satu Mare
90%
Austria Kraj związkowy Styria
90%
Litwa Okręg Tauroski
90%
Węgry Komitat Veszprém
90%
Austria Kraj związkowy Wiedeń
90%
Węgry Komitat Hajdú-Bihar
89%
Austria Kraj związkowy Karyntia
89%
Dania Region Region Stołeczny
89%
Węgry Komitat Szabolcs-Szatmár-Bereg
89%
Litwa Okręg Szawelski
89%
Ukraina Obwód Żytomierski
89%
Niemcy Kraj związkowy Badenia-Wirtembergia
88%
Bośnia i Hercegowina Część składowa Federacja Bośni i Hercegowiny
88%
Łotwa Miasto Lipawa
88%
Bośnia i Hercegowina Część składowa Republika Serbska
88%
Austria Kraj związkowy Salzburg
88%
Szwecja Region Skåne
88%
Niemcy Kraj związkowy Szlezwik-Holsztyn
88%
Węgry Komitat Tolna
88%
Węgry Komitat Vas
88%
Węgry Komitat Baranya
87%
Ukraina Obwód Czerniowiecki
87%
Łotwa Powiat Dobele
87%
Niemcy Kraj związkowy Hesja
87%
Łotwa Powiat Jełgawa
87%
Łotwa Powiat Kuldīga
87%
Łotwa Powiat Mārupe
87%
Niemcy Kraj związkowy Nadrenia-Palatynat
87%
Francja Region Nowa Akwitania
87%
Łotwa Powiat Olaine
87%
Rosja Obwód Pskowski
87%
Łotwa Powiat Saldus
87%
Węgry Komitat Somogy
87%
Łotwa Powiat Tukums
87%
Łotwa Powiat Windawa
87%
Słowenia Gmina Apače
86%
Słowenia Gmina Beltinci
86%
Rosja Obwód Briański
86%
Słowenia Gmina Črenšovci
86%
Ukraina Obwód Czernihowski
86%
Słowenia Gmina Dobrovnik
86%
Słowenia Gmina Gornja Radgona
86%
Słowenia Gmina Gornji Petrovci
86%
Słowenia Gmina Grad
86%
Słowenia Gmina Hodoš
86%
Szwecja Region Kalmar
86%
Słowenia Gmina Kobilje
86%
Słowenia Gmina Križevci
86%
Szwecja Region Kronoberg
86%
Słowenia Gmina Kuzma
86%
Słowenia Gmina Lenart
86%
Słowenia Gmina Lendava
86%
Słowenia Gmina Ljutomer
86%
Białoruś Miasto Mińsk
86%
Słowenia Gmina Moravske Toplice
86%
Słowenia Gmina miejska Murska Sobota
86%
Słowenia Gmina Odranci
86%
Francja Region Oksytania
86%
Słowenia Gmina Pesnica
86%
Litwa Okręg Poniewieski
86%
Słowenia Gmina Puconci
86%
Słowenia Gmina Radenci
86%
Słowenia Gmina Rogašovci
86%
Słowenia Gmina Šalovci
86%
Słowenia Gmina Šentilj
86%
Ukraina Obwód Sumski
86%
Słowenia Gmina Sveta Ana
86%
Słowenia Gmina Sveta Trojica v Slovenskih Goricah
86%
Słowenia Gmina Sveti Jurij ob Ščavnici
86%
Słowenia Gmina Sveti Jurij v Slovenskih Goricah
86%
Słowenia Gmina Tišina
86%
Słowenia Gmina Turnišče
86%
Litwa Okręg Uciański
86%
Chorwacja Żupania Varażdińska
86%
Słowenia Gmina Velika Polana
86%
Słowenia Gmina Veržej
86%
Włochy Region Wenecja Euganejska
86%
Węgry Komitat Zala
86%
Łotwa Powiat Aizkraukle
85%
Łotwa Powiat Bauska
85%
Słowenia Gmina Benedikt
85%
Francja Region Burgundia-Franche-Comté
85%
Francja Region Grand Est
85%
Szwecja Region Halland
85%
Niemcy Kraj związkowy Hamburg
85%
Hiszpania Wspólnota Kastylia i León
85%
Hiszpania Wspólnota Kastylia-La Mancha
85%
Rosja Obwód Kurski
85%
Chorwacja Żupania Medzimurska
85%
Łotwa Powiat Ogre
85%
Rosja Obwód Orłowski
85%
Słowenia Gmina Ormož
85%
Słowenia Gmina Razkrižje
85%
Rosja Obwód Smoleński
85%
Słowenia Gmina Središče ob Dravi
85%
Słowenia Gmina Sveti Tomaž
85%
Włochy Region Trydent-Górna Adyga
85%
Austria Kraj związkowy Tyrol
85%
Chorwacja Żupania Virowiticko-podrawska
85%
Belgia Region Walonia
85%
Hiszpania Wspólnota Andaluzja
84%
Wielka Brytania Kraj Anglia
84%
Hiszpania Wspólnota Aragonia
84%
Włochy Region Emilia-Romagna
84%
Belgia Region Flandria
84%
Francja Region Hauts-de-France
84%
Niderlandy Kraj składowy Holandia
84%
Łotwa Miasto Jełgawa
84%
Rosja Obwód Kałuski
84%
Hiszpania Wspólnota Katalonia
84%
Łotwa Powiat Ķekava
84%
Chorwacja Żupania Kopriwnicko-kriżewczyńska
84%
Włochy Region Lombardia
84%
Słowenia Gmina miejska Maribor
84%
Hiszpania Wspólnota Nawarra
84%
Rosja Obwód Nowogrodzki
84%
Chorwacja Żupania Sisacko-moslawińska
84%
Włochy Region Toskania
84%
Rosja Obwód Twerski
84%
Węgry Komitat Bács-Kiskun
83%
Hiszpania Wspólnota Baleary
83%
Rosja Obwód Biełgorodzki
83%
Chorwacja Żupania Bielowarsko-bilogorska
83%
Niemcy Kraj związkowy Brema
83%
Słowenia Gmina Cerkvenjak
83%
Słowenia Gmina Cirkulane
83%
Węgry Komitat Csongrád-Csanád
83%
Słowenia Gmina Destrnik
83%
Słowenia Gmina Duplek
83%
Luksemburg Kanton Echternach
83%
Włochy Region Friuli-Wenecja Julijska
83%
Luksemburg Kanton Grevenmacher
83%
Szwajcaria Kanton Gryzonia
83%
Szwecja Region Jönköping
83%
Słowenia Gmina Juršinci
83%
Chorwacja Żupania Karlowacka
83%
Słowenia Gmina Kungota
83%
Hiszpania Wspólnota La Rioja
83%
Chorwacja Żupania Licko-seńska
83%
Hiszpania Wspólnota Madryt
83%
Szwecja Region Östergötland
83%
Francja Region Owernia-Rodan-Alpy
83%
Grecja Administracja Peloponez, Grecja Zachodnia i Wyspy Jońskie
83%
Włochy Region Piemont
83%
Francja Region Prowansja-Alpy-Lazurowe Wybrzeże
83%
Słowenia Gmina miejska Ptuj
83%
Luksemburg Kanton Remich
83%
Niemcy Kraj związkowy Saara
83%
Słowenia Gmina Selnica ob Dravi
83%
Słowenia Gmina Sveti Andraž v Slovenskih Goricah
83%
Rumunia Okręg Temesz
83%
Słowenia Gmina Trnovska Vas
83%
Hiszpania Wspólnota Walencja
83%
Albania Obwód Wlora
83%
Chorwacja Żupania Zadarska
83%
Rumunia Okręg Bistrița-Năsăud
82%
Słowenia Gmina Bled
82%
Słowenia Gmina Bohinj
82%
Słowenia Gmina Bovec
82%
Chorwacja Żupania Brodzko-posawska
82%
Luksemburg Kanton Capellen
82%
Luksemburg Kanton Clervaux
82%
Luksemburg Kanton Diekirch
82%
Słowenia Gmina Dornava
82%
Luksemburg Kanton Esch-sur-Alzette
82%
Słowenia Gmina Gorišnica
82%
Słowenia Gmina Gorje
82%
Rumunia Okręg Harghita
82%
Słowenia Gmina Hoče–Slivnica
82%
Łotwa Powiat Jēkabpils
82%
Słowenia Gmina Kranjska Gora
82%
Rosja Obwód Leningradzki
82%
Włochy Region Liguria
82%
Luksemburg Kanton Luksemburg
82%
Słowenia Gmina Makole
82%
Słowenia Gmina Markovci
82%
Luksemburg Kanton Mersch
82%
Słowenia Gmina Poljčane
82%
Serbia Okręg Północnobacki
82%
Serbia Okręg Północnobanacki
82%
Chorwacja Żupania Primorsko-gorska
82%
Słowenia Gmina Rače–Fram
82%
Luksemburg Kanton Redange
82%
Francja Region Region Centralny-Dolina Loary
82%
Słowenia Gmina Ruše
82%
Słowenia Gmina Slovenska Bistrica
82%
Słowenia Gmina Starše
82%
Słowenia Gmina Tolmin
82%
Szwecja Region Västra Götaland
82%
Luksemburg Kanton Vianden
82%
Luksemburg Kanton Wiltz
82%
Ukraina Obwód Winnicki
82%
Chorwacja Żupania Zagrzebska
82%
Słowenia Gmina Zavrč
82%
Rumunia Okręg Arad
81%
Węgry Komitat Békés
81%
Słowenia Gmina Bistrica ob Sotli
81%
Szwecja Region Blekinge
81%
Słowenia Gmina Borovnica
81%
Słowenia Gmina Brda
81%
Słowenia Gmina Brežice
81%
Słowenia Gmina Cankova
81%
Słowenia Gmina Cerknica
81%
Słowenia Gmina Cerkno
81%
Słowenia Gmina Črna na Koroškem
81%
Słowenia Gmina Črnomelj
81%
Słowenia Gmina Dobje
81%
Słowenia Gmina Dobrova–Polhov Gradec
81%
Słowenia Gmina Dolenjske Toplice
81%
Słowenia Gmina Dravograd
81%
Słowenia Gmina Gorenja Vas–Poljane
81%
Słowenia Gmina Horjul
81%
Słowenia Gmina Idrija
81%
Słowenia Gmina Ilirska Bistrica
81%
Słowenia Gmina Jesenice
81%
Słowenia Gmina Jezersko
81%
Słowenia Gmina Kamnik
81%
Słowenia Gmina Kanal
81%
Hiszpania Wspólnota Kantabria
81%
Słowenia Gmina Kidričevo
81%
Słowenia Gmina Kobarid
81%
Słowenia Gmina Kočevje
81%
Słowenia Gmina Kostanjevica na Krki
81%
Słowenia Gmina Kozje
81%
Hiszpania Wspólnota Kraj Basków
81%
Chorwacja Żupania Krapińsko-zagorska
81%
Słowenia Gmina Krško
81%
Słowenia Gmina Laško
81%
Słowenia Gmina Ljubno
81%
Słowenia Gmina Logatec
81%
Słowenia Gmina Log-Dragomer
81%
Słowenia Gmina Lovrenc na Pohorju
81%
Słowenia Gmina Luče
81%
Słowenia Gmina Majšperk
81%
Włochy Region Marche
81%
Słowenia Gmina Metlika
81%
Słowenia Gmina Mežica
81%
Słowenia Gmina Mirna
81%
Słowenia Gmina Mislinja
81%
Słowenia Gmina Mokronog-Trebelno
81%
Rosja Obwód Moskiewski
81%
Słowenia Gmina Mozirje
81%
Hiszpania Wspólnota Murcja
81%
Słowenia Gmina Muta
81%
Słowenia Gmina miejska Novo Mesto
81%
Słowenia Gmina Oplotnica
81%
Słowenia Gmina Osilnica
81%
Słowenia Gmina Pivka
81%
Słowenia Gmina Podčetrtek
81%
Słowenia Gmina Podlehnik
81%
Słowenia Gmina Podvelka
81%
Słowenia Gmina Postojna
81%
Chorwacja Żupania Pożedzko-slawońska
81%
Słowenia Gmina Preddvor
81%
Słowenia Gmina Prevalje
81%
Słowenia Gmina Radlje ob Dravi
81%
Słowenia Gmina Radovljica
81%
Słowenia Gmina Ravne na Koroškem
81%
Słowenia Gmina Rečica ob Savinji
81%
Słowenia Gmina Ribnica na Pohorju
81%
Słowenia Gmina Rogaška Slatina
81%
Słowenia Gmina Rogatec
81%
Słowenia Gmina Semič
81%
Słowenia Gmina Šentjernej
81%
Słowenia Gmina Šentjur
81%
Słowenia Gmina Šentrupert
81%
Słowenia Gmina Sevnica
81%
Słowenia Gmina Škocjan
81%
Słowenia Gmina Škofja Loka
81%
Słowenia Gmina miejska Slovenj Gradec
81%
Słowenia Gmina Slovenske Konjice
81%
Słowenia Gmina Šmarje pri Jelšah
81%
Słowenia Gmina Šmarješke Toplice
81%
Słowenia Gmina Solčava
81%
Słowenia Gmina Šoštanj
81%
Słowenia Gmina Štore
81%
Słowenia Gmina Straža
81%
Słowenia Gmina Trebnje
81%
Słowenia Gmina Trzin
81%
Słowenia Gmina Videm
81%
Słowenia Gmina Vitanje
81%
Słowenia Gmina Vrhnika
81%
Słowenia Gmina Vuzenica
81%
Wielka Brytania Księstwo Walia
81%
Chorwacja Miasto Zagrzeb
81%
Słowenia Gmina Žetale
81%
Słowenia Gmina Žiri
81%
Słowenia Gmina Žirovnica
81%
Słowenia Gmina Zreče
81%
Włochy Region Abruzja
80%
San Marino Zamek Acquaviva
80%
Słowenia Gmina Bloke
80%
San Marino Zamek Borgo Maggiore
80%
Rumunia Okręg Botoszany
80%
Słowenia Gmina Braslovče
80%
Słowenia Gmina Brezovica
80%
Mołdawia Rejon Bryczany
80%
Irlandia Hrabstwo Carlow
80%
Irlandia Hrabstwo Cavan
80%
Słowenia Gmina Cerklje na Gorenjskem
80%
San Marino Zamek Chiesanuova
80%
Irlandia Hrabstwo Clare
80%
Irlandia Hrabstwo | Miasto Cork
80%
Ukraina Obwód Czerkaski
80%
Dania Region Dania Południowa
80%
Słowenia Gmina Dobrepolje
80%
Słowenia Gmina Dol pri Ljubljani
80%
Słowenia Gmina Domžale
80%
Irlandia Hrabstwo Donegal
80%
Irlandia Miasto Dublin
80%
Irlandia Hrabstwo Dún Laoghaire–Rathdown
80%
Irlandia Hrabstwo Fingal
80%
Irlandia Hrabstwo | Miasto Galway
80%
Słowenia Gmina Gornji Grad
80%
Słowenia Gmina Grosuplje
80%
Słowenia Gmina Hrastnik
80%
Słowenia Gmina Ig
80%
Wielka Brytania Prowincja Irlandia Północna
80%
Słowenia Gmina Ivančna Gorica
80%
Rumunia Okręg Jassy
80%
Irlandia Hrabstwo Kerry
80%
Irlandia Hrabstwo Kildare
80%
Irlandia Hrabstwo Kilkenny
80%
Rumunia Okręg Kluż
80%
Słowenia Gmina Komenda
80%
Słowenia Gmina Kostel
80%
Słowenia Gmina miejska Kranj
80%
Włochy Region Lacjum
80%
Irlandia Hrabstwo Laois
80%
Irlandia Hrabstwo Leitrim
80%
Irlandia Hrabstwo-Miasto Limerick
80%
Rosja Obwód Lipiecki
80%
Słowenia Gmina Litija
80%
Irlandia Hrabstwo Longford
80%
Słowenia Gmina Loška Dolina
80%
Słowenia Gmina Loški Potok
80%
Irlandia Hrabstwo Louth
80%
Słowenia Gmina miejska Lublana
80%
Słowenia Gmina Lukovica
80%
Irlandia Hrabstwo Mayo
80%
Irlandia Hrabstwo Meath
80%
Słowenia Gmina Medvode
80%
Słowenia Gmina Mengeš
80%
Słowenia Gmina Miklavž na Dravskem Polju
80%
Słowenia Gmina Mirna Peč
80%
Irlandia Hrabstwo Monaghan
80%
Słowenia Gmina Moravče
80%
Słowenia Gmina Naklo
80%
Słowenia Gmina Nazarje
80%
Rumunia Okręg Neamț
80%
Irlandia Hrabstwo Offaly
80%
Słowenia Gmina Radeče
80%
Słowenia Gmina Ribnica
80%
Irlandia Hrabstwo Roscommon
80%
Szwajcaria Kanton Sankt Gallen
80%
San Marino Zamek San Marino
80%
Słowenia Gmina Šenčur
80%
Słowenia Gmina Škofljica
80%
Irlandia Hrabstwo Sligo
80%
Słowenia Gmina Šmartno ob Paki
80%
Słowenia Gmina Šmartno pri Litiji
80%
Słowenia Gmina Sodražica
80%
Irlandia Hrabstwo South Dublin
80%
Rumunia Okręg Suczawa
80%
Wielka Brytania Kraj Szkocja
80%
Rosja Obwód Tambowski
80%
Irlandia Hrabstwo Tipperary
80%
Słowenia Gmina Trbovlje
80%
Słowenia Gmina Tržič
80%
Słowenia Gmina miejska Velenje
80%
Słowenia Gmina Velike Lašče
80%
Słowenia Gmina Vodice
80%
Słowenia Gmina Vransko
80%
Irlandia Hrabstwo-Miasto Waterford
80%
Irlandia Hrabstwo Westmeath
80%
Irlandia Hrabstwo Wexford
80%
Irlandia Hrabstwo Wicklow
80%
Rosja Obwód Wołogodzki
80%
Rosja Obwód Woroneski
80%
Wielka Brytania Dependencja Wyspa Man
80%
Serbia Okręg Zachodniobacki
80%
Słowenia Gmina Zagorje ob Savi
80%
Słowenia Gmina Železniki
80%
Słowenia Gmina Žužemberk
80%
Słowenia Gmina Ajdovščina
79%
Włochy Region Apulia
79%
Łotwa Powiat Augšdaugava
79%
Rumunia Okręg Bacău
79%
Słowenia Gmina miejska Celje
79%
Słowenia Gmina Dobrna
79%
San Marino Zamek Domagnano
79%
Chorwacja Żupania Dubrownicko-neretwiańska
79%
San Marino Zamek Faetano
79%
San Marino Zamek Fiorentino
79%
Słowenia Gmina Hajdina
79%
Chorwacja Żupania Istryjska
79%
Dania Region Jutlandia Środkowa
79%
Włochy Region Kampania
79%
Ukraina Obwód Kijowski
79%
Słowenia Gmina Komen
79%
Rosja Obwód Kostromski
79%
Słowenia Gmina Miren-Kostanjevica
79%
San Marino Zamek Montegiardino
79%
Słowenia Gmina miejska Nova Gorica
79%
Ukraina Obwód Połtawski
79%
Słowenia Gmina Polzela
79%
Słowenia Gmina Prebold
79%
Słowenia Gmina Renče–Vogrsko
79%
Rosja Obwód Riazański
79%
Rosja Obwód Saratowski
79%
Słowenia Gmina Šempeter-Vrtojba
79%
San Marino Zamek Serravalle
79%
Słowenia Gmina Tabor
79%
Rosja Obwód Tulski
79%
Słowenia Gmina Vojnik
79%
Austria Kraj związkowy Vorarlberg
79%
Słowenia Gmina Žalec
79%
Dania Region Zelandia
79%
Słowenia Gmina Ankaran
78%
Liechtenstein Gmina Balzers
78%
Albania Obwód Berat
78%
Macedonia Północna Gmina Berowo
78%
Bułgaria Obwód Błagojewgrad
78%
Belgia Region Bruksela
78%
Macedonia Północna Gmina Dełczewo
78%
Słowenia Gmina Divača
78%
Albania Obwód Elbasan
78%
Grecja Administracja Epir-Macedonia Zachodnia
78%
Hiszpania Wspólnota Estremadura
78%
Albania Obwód Fier
78%
Mołdawia Rejon Florești
78%
Słowenia Gmina Hrpelje-Kozina
78%
Rosja Obwód Iwanowski
78%
Słowenia Gmina Izola
78%
Rosja Obwód Jarosławski
78%
Łotwa Miasto Jurmała
78%
Słowenia Gmina miejska Koper
78%
Albania Obwód Korcza
78%
Grecja Administracja Macedonia-Tracja
78%
Rosja Miasto wydzielone Moskwa
78%
Rosja Obwód Niżnonowogrodzki
78%
Bułgaria Obwód Pazardżik
78%
Macedonia Północna Gmina Pehczewo
78%
Rosja Obwód Penzeński
78%
Słowenia Gmina Piran
78%
Łotwa Powiat Ropaži
78%
Łotwa Miasto Ryga
78%
Rumunia Okręg Sălaj
78%
Liechtenstein Gmina Schaan
78%
Słowenia Gmina Sežana
78%
Mołdawia Rejon Sîngerei
78%
Bułgaria Obwód Smolan
78%
Serbia Okręg Środkowobanacki
78%
Łotwa Powiat Talsi
78%
Szwajcaria Kanton Ticino
78%
Liechtenstein Gmina Triesen
78%
Liechtenstein Gmina Triesenberg
78%
Mołdawia Rejon Ungheni
78%
Liechtenstein Gmina Vaduz
78%
Słowenia Gmina Vipava
78%
Łotwa Miasto Windawa
78%
Macedonia Północna Gmina Winica
78%
Rosja Obwód Włodzimierski
78%
Szwajcaria Kanton Zurych
78%
Szwajcaria Kanton Argowia
77%
Portugalia Dystrykt Beja
77%
Szwajcaria Kanton Berno
77%
Macedonia Północna Gmina Bitola
77%
Portugalia Dystrykt Bragança
77%
Rumunia Okręg Caraș-Severin
77%
Macedonia Północna Gmina Czaszka
77%
Rosja Republika Czuwaszja
77%
Macedonia Północna Gmina Debarca
77%
Macedonia Północna Gmina Demir Hisar
77%
Macedonia Północna Gmina Dołneni
77%
Mołdawia Rejon Drochia
77%
Portugalia Dystrykt Évora
77%
Hiszpania Wspólnota Galicja
77%
Szwecja Region Gotland
77%
Macedonia Północna Gmina Gradsko
77%
Portugalia Dystrykt Guarda
77%
Szwajcaria Kanton Jura
77%
Macedonia Północna Gmina Kiczewo
77%
Ukraina Obwód Kirowohradzki
77%
Macedonia Północna Gmina Kriwogasztani
77%
Macedonia Północna Gmina Kruszewo
77%
Macedonia Północna Gmina Łozowo
77%
Macedonia Północna Gmina Makedonski Brod
77%
Rosja Republika Mari El
77%
Rumunia Okręg Marusza
77%
Macedonia Północna Gmina Mogiła
77%
Włochy Region Molise
77%
Rosja Republika Mordowia
77%
Macedonia Północna Gmina Ochryda
77%
Ukraina Obwód Odeski
77%
Chorwacja Żupania Osijecko-barańska
77%
Estonia Prowincja Parnawa
77%
Macedonia Północna Gmina Płasnica
77%
Serbia Okręg Południowobacki
77%
Portugalia Dystrykt Portalegre
77%
Macedonia Północna Gmina Prilep
77%
Macedonia Północna Gmina Resen
77%
Mołdawia Rejon Rîșcani
77%
Portugalia Dystrykt Santarém
77%
Portugalia Dystrykt Setúbal
77%
Szwajcaria Kanton Solura
77%
Macedonia Północna Gmina Struga
77%
Grecja Administracja Tesalia-Grecja Środkowa
77%
Rosja Obwód Uljanowski
77%
Macedonia Północna Gmina Wełes
77%
Rumunia Okręg Alba
76%
Szwajcaria Kanton Bazylea-Okręg
76%
Macedonia Północna Gmina Bogdanci
76%
Macedonia Północna Gmina Bosiłowo
76%
Macedonia Północna Gmina Demir Kapija
76%
Macedonia Północna Gmina Dojran
76%
Włochy Region Dolina Aosty
76%
Monako Osiedle Fontvieille
76%
Rumunia Okręg Gałacz
76%
Macedonia Północna Gmina Gewgelija
76%
Mołdawia Rejon Glodeni
76%
Francja Region Île-de-France
76%
Monako Osiedle Jardin Exotique
76%
Mołdawia Rejon Jedyńce
76%
Macedonia Północna Gmina Karbinci
76%
Macedonia Północna Gmina Kawadarci
76%
Macedonia Północna Gmina Koncze
76%
Francja Region Kraj Loary
76%
Monako Osiedle La Condamine
76%
Monako Osiedle La Rousse
76%
Monako Osiedle Larvotto
76%
Monako Osiedle Les Moneghetti
76%
Łotwa Powiat Limbaži
76%
Monako Osiedle Monaco-Ville
76%
Monako Osiedle Monte-Carlo
76%
Mołdawia Region autonomiczny Naddniestrze
76%
Macedonia Północna Gmina Negotino
76%
Francja Region Normandia
76%
Macedonia Północna Gmina Nowaci
76%
Macedonia Północna Gmina Nowo Seło
76%
Macedonia Północna Gmina Radowisz
76%
Monako Osiedle Ravin de Sainte-Dévote
76%
Macedonia Północna Gmina Rosoman
76%
Estonia Prowincja Sarema
76%
Macedonia Północna Gmina Strumica
76%
Macedonia Północna Gmina Sztip
76%
Szwajcaria Kanton Uri
76%
Szwajcaria Kanton Valais
76%
Łotwa Powiat Valmiera
76%
Szwecja Region Värmland
76%
Szwajcaria Kanton Vaud
76%
Portugalia Dystrykt Vila Real
76%
Portugalia Dystrykt Viseu
76%
Rumunia Okręg Vrancea
76%
Macedonia Północna Gmina Wałandowo
76%
Macedonia Północna Gmina Wasiłewo
76%
Macedonia Północna Gmina Zrnowci
76%
Mołdawia Rejon Anenii Noi
75%
Szwajcaria Kanton Appenzell Ausserrhoden
75%
Szwajcaria Kanton Appenzell Innerrhoden
75%
Portugalia Dystrykt Aveiro
75%
Portugalia Dystrykt Braga
75%
Mołdawia Rejon Călărași
75%
Portugalia Dystrykt Castelo Branco
75%
Mołdawia Rejon Căușeni
75%
Ukraina Obwód Chersoński
75%
Mołdawia Rejon Cimișlia
75%
Portugalia Dystrykt Coimbra
75%
Mołdawia Rejon Criuleni
75%
Ukraina Obwód Dniepropetrowski
75%
Mołdawia Rejon Dubosary
75%
Liechtenstein Gmina Eschen
75%
Szwajcaria Kanton Fryburg
75%
Liechtenstein Gmina Gamprin
75%
Albania Obwód Gjirokastra
75%
Szwajcaria Kanton Glarus
75%
Mołdawia Rejon Hîncești
75%
Rumunia Okręg Hunedoara
75%
Mołdawia Rejon Ialoveni
75%
Serbia Okręg Jablanicki
75%
Dania Region Jutlandia Północna
75%
Mołdawia Miasto wydzielone Kiszyniów
75%
Portugalia Dystrykt Leiria
75%
Portugalia Dystrykt Lizboński
75%
Szwajcaria Kanton Lucerna
75%
Serbia Okręg Maczwański
75%
Liechtenstein Gmina Mauren
75%
Ukraina Obwód Mikołajowski
75%
Szwajcaria Kanton Neuchâtel
75%
Szwajcaria Kanton Nidwalden
75%
Mołdawia Rejon Nisporeni
75%
Szwajcaria Kanton Obwalden
75%
Szwecja Region Örebro
75%
Mołdawia Rejon Orgiejów
75%
Serbia Okręg Pczyński
75%
Liechtenstein Gmina Planken
75%
Portugalia Dystrykt Porto
75%
Mołdawia Rejon Rezina
75%
Liechtenstein Gmina Ruggell
75%
Liechtenstein Gmina Schellenberg
75%
Szwajcaria Kanton Schwyz
75%
Szwecja Region Södermanland
75%
Mołdawia Rejon Șoldănești
75%
Mołdawia Rejon Straszany
75%
Szwajcaria Kanton Szafuza
75%
Mołdawia Rejon Telenești
75%
Serbia Okręg Toplicki
75%
Rumunia Okręg Vaslui
75%
Szwecja Region Västmanland
75%
Norwegia Okręg Vestfold og Telemark
75%
Norwegia Okręg Viken
75%
Ukraina Obwód Zaporoski
75%
Serbia Okręg Zlatiborski
75%
Szwajcaria Kanton Zug
75%
Mołdawia Rejon Basarabeasca
74%
Włochy Region Basilicata
74%
Szwajcaria Kanton Bazylea-Miasto
74%
Mołdawia Miasto wydzielone Bendery
74%
Mołdawia Miasto wydzielone Bielce
74%
Bośnia i Hercegowina Dystrykt Brczko
74%
Mołdawia Rejon Cantemir
74%
Mołdawia Rejon Fălești
74%
Portugalia Dystrykt Faro
74%
Mołdawia Region autonomiczny Gagauzja
74%
Szwajcaria Kanton Genewa
74%
Kosowo Rejon Gjilan
74%
Mołdawia Rejon Kaguł
74%
Ukraina Miasto wydzielone Kijów
74%
Bułgaria Obwód Kiustendił
74%
Macedonia Północna Gmina Koczani
74%
Macedonia Północna Gmina Kratowo
74%
Macedonia Północna Gmina Kriwa Pałanka
74%
Mołdawia Rejon Leova
74%
Macedonia Północna Gmina Makedonska Kamenica
74%
Serbia Okręg Morawicki
74%
Bułgaria Obwód Pernik
74%
Macedonia Północna Gmina Probisztip
74%
Macedonia Północna Gmina Rankowce
74%
Serbia Okręg Rasiński
74%
Bułgaria Obwód Sofia
74%
Serbia Okręg Sremski
74%
Macedonia Północna Gmina Staro Nagoriczane
74%
Mołdawia Rejon Ștefan Vodă
74%
Mołdawia Rejon Taraclia
74%
Szwajcaria Kanton Turgowia
74%
Rumunia Okręg Vâlcea
74%
Chorwacja Żupania Vukowarsko-srijemska
74%
Czarnogóra Gmina Bijelo Polje
73%
Serbia Okręg Braniczewski
73%
Czarnogóra Gmina Cetynia
73%
Ukraina Obwód Charkowski
73%
Szwecja Region Dalarna
73%
Czarnogóra Gmina Danilovgrad
73%
Mołdawia Rejon Dondușeni
73%
Czarnogóra Gmina Herceg Novi
73%
Norwegia Okręg Innlandet
73%
Włochy Region Kalabria
73%
Czarnogóra Gmina Kolašin
73%
Czarnogóra Gmina Kotor
73%
Bułgaria Obwód Kyrdżali
73%
Czarnogóra Gmina Mojkovac
73%
Czarnogóra Gmina Nikšić
73%
Mołdawia Rejon Ocnița
73%
Czarnogóra Gmina Pljevlja
73%
Czarnogóra Gmina Plužine
73%
Serbia Okręg Podunajski
73%
Serbia Okręg Pomorawski
73%
Włochy Region Sardynia
73%
Czarnogóra Gmina Šavnik
73%
Chorwacja Żupania Splicko-dalmatyńska
73%
Szwecja Region Sztokholm
73%
Serbia Okręg Szumadijski
73%
Czarnogóra Gmina Tivat
73%
Włochy Region Umbria
73%
Estonia Prowincja Viljandi
73%
Czarnogóra Gmina Žabljak
73%
Łotwa Powiat Ādaži
72%
Serbia Okręg Borski
72%
Ukraine Obwód Doniecki
72%
Łotwa Powiat Kieś
72%
Łotwa Powiat Madona
72%
Rumunia Okręg Mehedinți
72%
Norwegia Okręg Oslo
72%
Bułgaria Obwód Płowdiw
72%
Serbia Okręg Raski
72%
Łotwa Powiat Saulkrasti
72%
Łotwa Powiat Sigulda
72%
Mołdawia Rejon Soroca
72%
Szwecja Region Västernorrland
72%
Czarnogóra Gmina Andrijevica
71%
Łotwa Powiat Balvi
71%
Czarnogóra Gmina Bar
71%
Czarnogóra Gmina Berane
71%
Czarnogóra Gmina Budva
71%
Albania Obwód Dibra
71%
Rumunia Okręg Dolj
71%
Albania Obwód Durrës
71%
Szwecja Region Gävleborg
71%
Łotwa Powiat Gulbene
71%
Czarnogóra Gmina Gusinje
71%
Estonia Prowincja Jõgeva
71%
Serbia Okręg Kolubarski
71%
Łotwa Powiat Krasław
71%
Albania Obwód Kukës
71%
Albania Obwód Lezha
71%
Łotwa Powiat Lucyn
71%
Serbia Okręg Niszawski
71%
Serbia Okręg Pirocki
71%
Czarnogóra Gmina Plav
71%
Bułgaria Obwód Plewen
71%
Czarnogóra Gmina Podgorica
71%
Serbia Okręg Południowobanacki
71%
Łotwa Powiat Preiļi
71%
Kosowo Rejon Prizren
71%
Norwegia Okręg Rogaland
71%
Łotwa Miasto | Powiat Rzeżyca
71%
Łotwa Powiat Salaspils
71%
Łotwa Powiat Smiltene
71%
Rumunia Okręg Sybin
71%
Włochy Region Sycylia
71%
Albania Obwód Szkodra
71%
Chorwacja Żupania Szybenicko-knińska
71%
Albania Obwód Tirana
71%
Czarnogóra Gmina Tuzi
71%
Czarnogóra Gmina Ulcinj
71%
Szwecja Region Uppsala
71%
Łotwa Powiat Valka
71%
Łotwa Powiat Varakļāni
71%
Bułgaria Obwód Wraca
71%
Grecja Administracja Wyspy Egejskie
71%
Serbia Okręg Zajeczarski
71%
Macedonia Północna Gmina Aerodrom
70%
Norwegia Okręg Agder
70%
Macedonia Północna Gmina Araczinowo
70%
Serbia Miasto wydzielone Belgrad
70%
Macedonia Północna Gmina Bogowińe
70%
Macedonia Północna Gmina Brwenica
70%
Macedonia Północna Gmina Buteł
70%
Rumunia Okręg Buzău
70%
Macedonia Północna Gmina Centar
70%
Macedonia Północna Gmina Centar Żupa
70%
Macedonia Północna Gmina Czair
70%
Macedonia Północna Gmina Czuczer-Sandewo
70%
Macedonia Północna Gmina Debar
70%
Macedonia Północna Gmina Dźorcze Petrow
70%
Kosowo Rejon Ferizaj
70%
Macedonia Północna Gmina Gazi Baba
70%
Kosowo Rejon Gjakova
70%
Macedonia Północna Gmina Gostiwar
70%
Macedonia Północna Gmina Ilinden
70%
Szwecja Region Jämtland
70%
Macedonia Północna Gmina Jegunowce
70%
Macedonia Północna Gmina Karposz
70%
Macedonia Północna Gmina Kiseła Woda
70%
Macedonia Północna Gmina Kumanowo
70%
Macedonia Północna Gmina Lipkowo
70%
Bułgaria Obwód Łowecz
70%
Macedonia Północna Gmina Mawrowo i Rostusza
70%
Kosowo Rejon Mitrovica
70%
Bułgaria Obwód Montana
70%
Kosowo Rejon Peć
70%
Czarnogóra Gmina Petnjica
70%
Macedonia Północna Gmina Petrowec
70%
Kosowo Rejon Prisztina
70%
Czarnogóra Gmina Rožaje
70%
Macedonia Północna Gmina Saraj
70%
Bułgaria Obwód Sofia - miasto
70%
Macedonia Północna Gmina Sopiszte
70%
Macedonia Północna Gmina Studeniczani
70%
Macedonia Północna Gmina Sweti Nikołe
70%
Macedonia Północna Gmina Szuto Orizari
70%
Macedonia Północna Gmina Tearce
70%
Macedonia Północna Gmina Tetowo
70%
Norwegia Okręg Vestland
70%
Macedonia Północna Gmina Wewczani
70%
Bułgaria Obwód Widyń
70%
Macedonia Północna Gmina Wrapcziszte
70%
Macedonia Północna Gmina Zełenikowo
70%
Macedonia Północna Gmina Żelino
70%
Rumunia Okręg Ardżesz
69%
Rumunia Okręg Braiła
69%
Rumunia Okręg Braszów
69%
Francja Region Bretania
69%
Rumunia Okręg Călărași
69%
Rumunia Okręg Covasna
69%
Macedonia Północna Gmina Czeszinowo-Obleszewo
69%
Bułgaria Obwód Dobricz
69%
Rumunia Okręg Gorj
69%
Rumunia Okręg Jałomica
69%
Rumunia Okręg Konstanca
69%
Rumunia Okręg Tulcza
69%
Portugalia Dystrykt Viana do Castelo
69%
Grecja Okręg autonomiczny Athos
68%
Bułgaria Obwód Chaskowo
68%
Wielka Brytania Dependencja Jersey
68%
Estonia Prowincja Lääne
68%
Rumunia Okręg Dymbowica
67%
Wielka Brytania Dependencja Guernsey
67%
Rumunia Okręg Prahova
67%
Bułgaria Obwód Ruse
67%
Rumunia Okręg Teleorman
67%
Estonia Prowincja Valga
67%
Estonia Prowincja Võru
67%
Rumunia Okręg Aluta
66%
Bułgaria Obwód Gabrowo
66%
Rumunia Okręg Giurgiu
66%
Estonia Prowincja Harju
66%
Estonia Prowincja Hiuma
66%
Estonia Prowincja Järva
66%
Norwegia Okręg Møre og Romsdal
66%
Estonia Prowincja Rapla
66%
Estonia Prowincja Tartu
66%
Estonia Prowincja Virumaa Zachodnia
66%
Bułgaria Obwód Wielkie Tyrnowo
66%
Łotwa Powiat Alūksne
65%
Estonia Prowincja Põlva
65%
Bułgaria Obwód Stara Zagora
65%
Hiszpania Wspólnota Asturia
64%
Grecja Administracja Attyka
64%
Łotwa Miasto Dyneburg
64%
Francja Region Korsyka
64%
Łotwa Powiat Līvāni
64%
Rumunia Miasto wydzielone Bukareszt
63%
Finlandia Region Finlandia Południowo-Zachodnia
63%
Finlandia Region Finlandia Środkowa
63%
Rumunia Okręg Ilfov
63%
Finlandia Region Kanta-Häme
63%
Bułgaria Obwód Razgrad
63%
Bułgaria Obwód Silistra
63%
Bułgaria Obwód Szumen
63%
Finlandia Region Uusimaa
63%
Bułgaria Obwód Jamboł
62%
Rosja Republika autonomiczna Krym
62%
Finlandia Region Kymenlaakso
62%
Finlandia Region Pirkanmaa
62%
Finlandia Region Satakunta
62%
Bułgaria Obwód Sliwen
62%
Bułgaria Obwód Tyrgowiszte
62%
Bułgaria Obwód Warna
62%
Grecja Administracja Kreta
61%
Finlandia Region Ostrobotnia Południowa
61%
Norwegia Okręg Trøndelag
61%
Bułgaria Obwód Burgas
60%
Andora Parafia Andora
59%
Andora Parafia Canillo
59%
Andora Parafia Encamp
59%
Andora Parafia Escaldes-Engordany
59%
Rosja Kraj Krasnodarski
59%
Andora Parafia La Massana
59%
Andora Parafia Ordino
59%
Andora Parafia Sant Julià de Lòria
59%
Rosja Obwód Rostowski
58%
Ukraina Obwód Ługański
57%
Estonia Prowincja Virumaa Wschodnia
57%
Finlandia Region Päijät-Häme
56%
Malta Region Centralny
55%
Malta Region Gozo
55%
Rosja Republika Karelia
55%
Malta Region Północny
55%
Malta Region Południowo-Wschodni
55%
Malta Region Południowy
55%
Rosja Republika Adygeja
54%
Finlandia Region Kainuu
54%
Finlandia Region Ostrobotnia Północna
54%
Finlandia Region Sawonia Północna
54%
Szwecja Region Västerbotten
54%
Islandia Gmina Akranes
53%
Islandia Gmina Akureyri
53%
Islandia Gmina Árborg
53%
Islandia Gmina Árneshreppur
53%
Islandia Gmina Ásahreppur
53%
Islandia Gmina Bláskógabyggð
53%
Islandia Gmina Bolungarvík
53%
Islandia Gmina Borgarbyggð
53%
Islandia Gmina Dalabyggð
53%
Islandia Gmina Dalvíkurbyggð
53%
Islandia Gmina Eyjafjarðarsveit
53%
Islandia Gmina Eyja- og Miklaholtshreppur
53%
Islandia Gmina Fjallabyggð
53%
Islandia Gmina Fjarðabyggð
53%
Islandia Gmina Fljótsdalshreppur
53%
Islandia Gmina Flóahreppur
53%
Islandia Gmina Garðabær
53%
Islandia Gmina Grímsnes- og Grafningshreppur
53%
Islandia Gmina Grindavíkurbær
53%
Islandia Gmina Grundarfjarðarbær
53%
Islandia Gmina Grýtubakkahreppur
53%
Islandia Gmina Hafnarfjörður
53%
Islandia Gmina Hörgársveit
53%
Islandia Gmina Hornafjörður
53%
Islandia Gmina Hrunamannahreppur
53%
Islandia Gmina Húnabyggð
53%
Islandia Gmina Húnaþing vestra
53%
Islandia Gmina Hvalfjarðarsveit
53%
Islandia Gmina Hveragerði
53%
Islandia Gmina Ísafjarðarbær
53%
Islandia Gmina Kaldrananeshreppur
53%
Finlandia Region Karelia Północna
53%
Islandia Gmina Kjósarhreppur
53%
Islandia Gmina Kópavogur
53%
Islandia Gmina Langanesbyggð og Svalbarðshreppur
53%
Islandia Gmina Mosfellsbær
53%
Islandia Gmina Múlaþing
53%
Islandia Gmina Mýrdalshreppur
53%
Islandia Gmina Norðurþing
53%
Islandia Gmina Ölfus
53%
Islandia Gmina Rangárþing eystra
53%
Islandia Gmina Rangárþing ytra
53%
Islandia Gmina Reykhólahreppur
53%
Islandia Gmina Reykjanesbær
53%
Islandia Gmina Reykjavík
53%
Islandia Gmina Seltjarnarnes
53%
Islandia Gmina Skaftárhreppur
53%
Islandia Gmina Skagabyggð
53%
Islandia Gmina Skagaströnd
53%
Islandia Gmina Skeiða- og Gnúpverjahreppur
53%
Islandia Gmina Skorradalshreppur
53%
Islandia Gmina Snæfellsbær
53%
Rosja Kraj Stawropolski
53%
Islandia Gmina Strandabyggð
53%
Islandia Gmina Stykkishólmsbær og Helgafellssveit
53%
Islandia Gmina Súðavíkurhreppur
53%
Islandia Gmina Suðurnesjabær
53%
Islandia Gmina Svalbarðsstrandarhreppur
53%
Islandia Gmina Sveitarfélagið Skagafjörður og Akrahreppur
53%
Islandia Gmina Tálknafjarðarhreppur
53%
Islandia Gmina Þingeyjarsveit
53%
Islandia Gmina Tjörneshreppur
53%
Islandia Gmina Vestmannaeyjar
53%
Islandia Gmina Vesturbyggð
53%
Islandia Gmina Vogar
53%
Islandia Gmina Vopnafjarðarhreppur
53%
Rosja Republika Kałmucja
52%
Finlandia Region Wyspy Alandzkie
52%
Finlandia Region Ostrobotnia
51%
Finlandia Region Sawonia Południowa
51%
Rosja Republika Karaczajo-Czerkiesja
50%
Rosja Miasto wydzielone Sewastopol
50%
Finlandia Region Karelia Południowa
44%
Rosja Miasto wydzielone Petersburg
42%
Rosja Obwód Archangielski
41%
Rosja Obwód Murmański
41%
Finlandia Region Laponia
38%
Rosja Obwód Wołgogradzki
37%
Szwecja Region Norrbotten
36%
Norwegia Okręg Troms og Finnmark
36%
Finlandia Region Ostrobotnia Środkowa
35%
Wielka Brytania Terytorium Gibraltar
34%
Rosja Obwód Astrachański
26%
Norwegia Okręg Nordland
26%
Rosja Republika Dagestan
24%
Rosja Republika Kabardo-Bałkaria
24%
Norwegia Terytorium Svalbard
22%
Rosja Republika Komi
21%
Rosja Okręg autonomiczny Nieniecki
21%
Rosja Republika Czeczenia
20%
Rosja Republika Inguszetia
20%
Rosja Republika Osetia Północna-Alania
20%
Dania Kraj Wyspy Owcze
19%
Rosja Obwód Kirowski
18%
Rosja Obwód Orenburski
18%
Rosja Obwód Samarski
18%
Rosja Kraj Permski
17%
Rosja Republika Udmurcja
17%
Rosja Republika Tatarstan
16%
Rosja Republika Baszkortostan
13%
Portugalia Region Azory
3%
Nie znaleziono quizów pasujących do podanych kryteriów
Rozkład punktacji
Procent ludzi z każdym wynikiem
Percentyl według liczby udzielonych odpowiedzi
Twoja historia wyników
Nie rozwiązałeś tego quizu